Immanuel : (Record no. 4877)
[ view plain ]
| 000 -LEADER | |
|---|---|
| fixed length control field | 01007cam a2200313Ia 4500 |
| 001 - CONTROL NUMBER | |
| control field | 216079 |
| 003 - CONTROL NUMBER IDENTIFIER | |
| control field | GBCCL |
| 005 - DATE AND TIME OF LATEST TRANSACTION | |
| control field | 20241126110528.0 |
| 008 - FIXED-LENGTH DATA ELEMENTS--GENERAL INFORMATION | |
| fixed length control field | 950222s1990 tnu 000 0 eng d |
| 020 ## - INTERNATIONAL STANDARD BOOK NUMBER | |
| International Standard Book Number | 0913367389 (pbk.) |
| 020 ## - INTERNATIONAL STANDARD BOOK NUMBER | |
| International Standard Book Number | 9780913367384 (pbk.) |
| 035 ## - SYSTEM CONTROL NUMBER | |
| System control number | (OCoLC)ocm32032260 |
| 035 ## - SYSTEM CONTROL NUMBER | |
| System control number | (OCoLC)32032260 |
| 040 ## - CATALOGING SOURCE | |
| Original cataloging agency | PBE |
| Transcribing agency | PBE |
| Modifying agency | OCL |
| -- | OCLCG |
| -- | LBB |
| 049 ## - | |
| -- | LBBK |
| 050 00 - | |
| -- | BT306.5 |
| -- | .C37 1990 |
| 082 00 - DEWEY DECIMAL CLASSIFICATION NUMBER | |
| Classification number | 232.901 |
| -- | B |
| Edition information | 20 |
| Item number | CAR |
| 090 ## - LOCALLY ASSIGNED LC-TYPE CALL NUMBER (OCLC); LOCAL CALL NUMBER (RLIN) | |
| Classification number (OCLC) (R) ; Classification number, CALL (RLIN) (NR) | BT306.5 |
| Local cutter number (OCLC) ; Book number/undivided call number, CALL (RLIN) | .C37 1990 |
| 100 1# - MAIN ENTRY--PERSONAL NAME | |
| Personal name | Card, Michael, |
| Dates associated with a name | 1957- |
| 9 (RLIN) | 8877 |
| 245 10 - TITLE STATEMENT | |
| Title | Immanuel : |
| Remainder of title | reflections on the life of Christ / |
| Statement of responsibility, etc. | Michael Card. |
| 250 ## - EDITION STATEMENT | |
| Edition statement | Billy Graham Evangelistic Association special ed. |
| 260 ## - PUBLICATION, DISTRIBUTION, ETC. | |
| Place of publication, distribution, etc. | Nashville : |
| Name of publisher, distributor, etc. | T. Nelson Publishers, |
| Date of publication, distribution, etc. | c1990. |
| 300 ## - PHYSICAL DESCRIPTION | |
| Extent | 224 p. : |
| Other physical details | ill. ; |
| Dimensions | 21 cm. |
| 500 ## - GENERAL NOTE | |
| General note | "A Janet Thoma book."--Verso t.p. |
| 520 ## - SUMMARY, ETC. | |
| Summary, etc. | Christian Library of Lancaster Collection. |
| 600 00 - SUBJECT ADDED ENTRY--PERSONAL NAME | |
| Personal name | Jesus Christ |
| Form subdivision | Devotional literature. |
| 9 (RLIN) | 8878 |
| 600 00 - SUBJECT ADDED ENTRY--PERSONAL NAME | |
| Personal name | Jesus Christ |
| Form subdivision | Poetry. |
| 9 (RLIN) | 5214 |
| 942 ## - ADDED ENTRY ELEMENTS (KOHA) | |
| Source of classification or shelving scheme | Dewey Decimal Classification |
| Koha item type | Books |
| Koha issues (borrowed), all copies | 1 |
| Withdrawn status | Lost status | Source of classification or shelving scheme | Damaged status | Not for loan | Home library | Current Library | Shelving location | Date acquired | Total checkouts | Full call number | Barcode | Date last seen | Date last checked out | Copy number | Price effective from | Koha item type |
|---|---|---|---|---|---|---|---|---|---|---|---|---|---|---|---|---|
| Dewey Decimal Classification | GRACE BIBLE COLLEGE | GRACE BIBLE COLLEGE | Theology | 2018-02-12 | 1 | 232.901 CAR | 006591 | 2025-05-01 | 2020-03-20 | c.1 | 2018-02-12 | Books |